[Event "Ogolnopolski-ch 55th"]
[Site "Zamosc"]
[Date "2013.??.??"]
[Round "4"]
[White "Krawczyk, Wieslaw"]
[Black "Roszkowski, Rafal"]
[Result "0-1"]
[WhiteElo "2124"]
[BlackElo "2266"]
[PlyCount "98"]
[EventDate "2013.06.07"]
[EventType "swiss"]
[EventRounds "9"]
[EventCountry "POL"]
[SourceTitle "EXT 2014"]
[Source "ChessBase"]
[SourceDate "2013.11.20"]
[SourceVersion "1"]
[SourceVersionDate "2013.11.20"]
[SourceQuality "1"]

1. e4 c5 2. d4 cxd4 3. c3 dxc3 4. Nxc3 Nc6 5. Nf3 e6 6. Bc4 Qc7 7. 0-0 Nf6 8. Nb5 Qb8 9. g3 a6 10. Bf4 e5 11. Bxf7+ Kxf7 12. Ng5+ Ke8 13. Qb3 axb5 14. Qf7+ Kd8 15. Rfd1 d6 16. Qb3 Rg8 17. Be3 Ra6 18. Nxh7 Na5 19. Qf7 Qc7 20. Qg6 Nxh7 21. Qxh7 Be6 22. f4 g6 23. Qh4+ Qe7 24. fxe5 Qxh4 25. gxh4 Nc4 26. Bg5+ Be7 27. exd6 Bxg5 28. hxg5 Rxd6 29. b3 Bg4 30. Rdc1 Nd2 31. Rc5 Bd7 32. e5 Re6 33. Rd5 Nf3+ 34. Kg2 Nxe5 35. Rad1 Kc7 36. Kg3 Bc6 37. Rc5 Nf7 38. Rdc1 Nd6 39. Kg4 Re4+ 40. Kg3 Re2 41. R5c2 Re3+ 42. Kf2 Rf3+ 43. Kg1 Re8 44. Rf2 Rxf2 45. Kxf2 Ne4+ 46. Kf3 Nxg5+ 47. Kg4 Nf3 48. h4 Re4+ 49. Kg3 Nxh4 0-1

[Event "Sokolka Kresowy op-A 2nd"]
[Site "Sokolka"]
[Date "2011.07.03"]
[Round "5.2"]
[White "Oleksza, Radoslaw"]
[Black "Roszkowski, Rafal"]
[Result "0-1"]
[WhiteElo "1624"]
[BlackElo "2255"]
[PlyCount "74"]
[EventDate "2011.07.03"]
[EventType "swiss"]
[EventRounds "9"]
[EventCountry "POL"]
[SourceTitle "EXT 2023"]
[Source "ChessBase"]
[SourceDate "2022.10.05"]
[SourceVersion "1"]
[SourceVersionDate "2022.10.05"]
[SourceQuality "1"]

1. Nf3 f5 2. d4 g6 3. c4 Bg7 4. Nc3 Nf6 5. e3 0-0 6. Qc2 d6 7. Bd3 Nc6 8. a3 e5 9. dxe5 dxe5 10. Be2 e4 11. Nd2 Ne5 12. 0-0 Be6 13. Rd1 Qe7 14. b4 c6 15. Bb2 Rad8 16. Bf1 Nfg4 17. h3 Nh6 18. Ne2 g5 19. Nd4 Bc8 20. c5 g4 21. g3 gxh3 22. Nc4 Nef7 23. a4 Ng5 24. b5 Bxd4 25. Bxd4 Nf3+ 26. Kh1 Nxd4 27. exd4 f4 28. Nd6 Bg4 29. Be2 fxg3 30. fxg3 Qg7 31. Qxe4 Rf2 32. Bxg4 Nxg4 33. Qe6+ Kh8 34. Nf5 Rh2+ 35. Kg1 Rg2+ 36. Kf1 Rf8 37. Ke1 Rxf5 0-1

[Event "Bialystok qual"]
[Site "Bialystok"]
[Date "2009.11.07"]
[Round "1"]
[White "Jablonski, Zenon"]
[Black "Roszkowski, Rafal"]
[Result "1/2-1/2"]
[WhiteElo "2092"]
[BlackElo "2266"]
[PlyCount "79"]
[EventDate "2009.11.07"]
[EventType "swiss"]
[EventRounds "9"]
[EventCountry "POL"]
[SourceTitle "EXT 2012"]
[Source "ChessBase"]
[SourceDate "2011.11.24"]
[SourceVersion "1"]
[SourceVersionDate "2011.11.24"]
[SourceQuality "1"]

1. d4 f5 2. c4 g6 3. Nf3 Bg7 4. g3 Nh6 5. Bg2 Nf7 6. 0-0 0-0 7. Nc3 e6 8. b3 d6 9. Bb2 Nd7 10. Qc2 Nf6 11. Rad1 g5 12. e4 f4 13. e5 Nd7 14. g4 dxe5 15. dxe5 Nfxe5 16. Ne4 Nxf3+ 17. Bxf3 Qe7 18. Rd2 Ne5 19. Bxe5 Bxe5 20. Rfd1 a5 21. c5 Bg7 22. c6 bxc6 23. Qxc6 Ra6 24. Qb5 h6 25. Nc5 Rd6 26. Qxa5 Rfd8 27. Ne4 Rxd2 28. Rxd2 Bd4 29. Rc2 Bb6 30. Qc3 Qg7 31. Qc6 Kf7 32. Kg2 Qe5 33. Qc3 Qxc3 34. Nxc3 Bd7 35. Be4 Be8 36. Kf3 Rd4 37. Ke2 Ba5 38. f3 Ke7 39. a3 c5 40. h3 1/2-1/2

[Event "Bialystok Bieluczyk Memorial-A 1st"]
[Site "Bialystok"]
[Date "2009.06.21"]
[Round "3"]
[White "Kostyra, Stanislaw"]
[Black "Roszkowski, Rafal"]
[Result "1/2-1/2"]
[WhiteElo "2284"]
[BlackElo "2255"]
[PlyCount "88"]
[EventDate "2009.06.20"]
[EventType "tourn"]
[EventRounds "9"]
[EventCountry "POL"]
[SourceTitle "EXT 2010"]
[Source "ChessBase"]
[SourceDate "2010.11.25"]
[SourceVersion "1"]
[SourceVersionDate "2010.11.25"]
[SourceQuality "1"]

1. d4 f5 2. g3 Nf6 3. Bg2 g6 4. b3 Bg7 5. Bb2 0-0 6. Nd2 d6 7. Ngf3 Qe8 8. 0-0 Nbd7 9. Nc4 Ne4 10. Nfd2 Nxd2 11. Qxd2 Qf7 12. Rad1 d5 13. Ne5 Nxe5 14. dxe5 c6 15. f3 f4 16. gxf4 Qxf4 17. Qxf4 Rxf4 18. e3 Rf7 19. f4 Bf5 20. c4 dxc4 21. bxc4 Be6 22. Rd4 g5 23. fxg5 Rxf1+ 24. Bxf1 Bxe5 25. Re4 Bxb2 26. Rxe6 Kf7 27. Rh6 Rh8 28. Bh3 Bg7 29. Be6+ Ke8 30. Rh3 Kd8 31. Kg2 Kc7 32. Kf3 Kd6 33. Bf5 h6 34. Kg4 hxg5 35. Rxh8 Bxh8 36. Kxg5 Bf6+ 37. Kg4 e6 38. Bd3 Ke7 39. h4 Bg7 40. h5 Kf6 41. Kf4 Bf8 42. Bg6 Bh6+ 43. Ke4 Ke7 44. Kd4 Bg7+ 1/2-1/2

[Event "Bialystok Zamenhof Memorial"]
[Site "Bialystok"]
[Date "2008.12.31"]
[Round "9"]
[White "Roszkowski, Rafal"]
[Black "Bernacki, Gabriel"]
[Result "1-0"]
[WhiteElo "2238"]
[BlackElo "1902"]
[PlyCount "95"]
[EventDate "2008.12.27"]
[EventType "swiss"]
[EventRounds "9"]
[EventCountry "POL"]
[SourceTitle "EXT 2010"]
[Source "ChessBase"]
[SourceDate "2010.11.25"]
[SourceVersion "1"]
[SourceVersionDate "2010.11.25"]
[SourceQuality "1"]

1. e4 c5 2. Nf3 Nc6 3. g3 Nf6 4. d3 e5 5. Bg2 Be7 6. 0-0 0-0 7. Re1 d6 8. c3 Qb6 9. h3 Be6 10. Na3 Rfe8 11. Nc2 Rad8 12. b3 d5 13. Qe2 d4 14. c4 Nd7 15. g4 Nb4 16. Ng5 Bxg5 17. Bxg5 f6 18. Bc1 Nxc2 19. Qxc2 h6 20. a3 Qd6 21. Bd2 b5 22. Reb1 Rb8 23. Ra2 Rb7 24. f4 bxc4 25. dxc4 Reb8 26. f5 Bf7 27. Bf1 Qc6 28. h4 Nb6 29. Bd3 Nc8 30. Rab2 Be8 31. b4 Qa4 32. Qxa4 Bxa4 33. Bc1 Bc6 34. bxc5 Rxb2 35. Rxb2 Rxb2 36. Bxb2 Ba4 37. Bc1 Ne7 38. Kf2 Nc6 39. Bd2 Kf7 40. g5 Bb3 41. Ke2 Ke7 42. Ke1 Ba4 43. Ke2 Bb3 44. Ke1 Ba4 45. Kf2 Nd8 46. Ke2 Kd7 47. Ke1 Nb7 48. g6 1-0

[Event "Bialystok Zamenhof Memorial"]
[Site "Bialystok"]
[Date "2008.12.30"]
[Round "7"]
[White "Grabliauskas, Virginijus"]
[Black "Roszkowski, Rafal"]
[Result "1-0"]
[WhiteElo "2427"]
[BlackElo "2238"]
[PlyCount "51"]
[EventDate "2008.12.27"]
[EventType "swiss"]
[EventRounds "9"]
[EventCountry "POL"]
[SourceTitle "EXT 2010"]
[Source "ChessBase"]
[SourceDate "2010.11.25"]
[SourceVersion "1"]
[SourceVersionDate "2010.11.25"]
[SourceQuality "1"]

1. d4 f5 2. g3 g6 3. Bg2 Bg7 4. Nh3 Nf6 5. Nf4 d6 6. d5 c6 7. Nc3 0-0 8. h4 Qb6 9. a4 a5 10. Ra3 Ng4 11. 0-0 Na6 12. h5 g5 13. dxc6 gxf4 14. Qd5+ e6 15. cxb7 exd5 16. bxa8Q Nc7 17. Nxd5 Nxa8 18. Nxb6 Nxb6 19. Bxf4 Ne5 20. b3 Ba6 21. c4 Rb8 22. Bd2 Bf8 23. Rc1 d5 24. c5 Bb7 25. Ra2 Nbd7 26. c6 1-0

[Event "Bialystok Zamenhof Memorial"]
[Site "Bialystok"]
[Date "2008.12.29"]
[Round "5"]
[White "Cylwik, Zbigniew"]
[Black "Roszkowski, Rafal"]
[Result "0-1"]
[WhiteElo "2069"]
[BlackElo "2238"]
[PlyCount "88"]
[EventDate "2008.12.27"]
[EventType "swiss"]
[EventRounds "9"]
[EventCountry "POL"]
[SourceTitle "EXT 2010"]
[Source "ChessBase"]
[SourceDate "2010.11.25"]
[SourceVersion "1"]
[SourceVersionDate "2010.11.25"]
[SourceQuality "1"]

1. Nf3 d6 2. d4 f5 3. b3 Nf6 4. Bb2 g6 5. e3 Bg7 6. Be2 0-0 7. 0-0 e6 8. c4 Nbd7 9. Qc2 b6 10. Nbd2 Bb7 11. b4 Qe7 12. c5 Be4 13. cxd6 cxd6 14. Qb3 Bd5 15. Bc4 b5 16. Bxd5 Nxd5 17. a4 Rfb8 18. a5 Rc8 19. Rac1 N7f6 20. Nb1 h6 21. Nc3 Qb7 22. Nd2 Kh7 23. h3 a6 24. Rfe1 Nxc3 25. Rxc3 Rxc3 26. Bxc3 Qd5 27. Rc1 Rc8 28. Qb2 Qb7 29. Nb3 Nd5 30. Bd2 Rc7 31. f3 Qc8 32. Kf2 Rc4 33. Qb1 Nc3 34. Qd3 Nd5 35. g4 Bf6 36. Ke2 Bg5 37. f4 Be7 38. Qb1 Qc6 39. Kf2 Bh4+ 40. Kg1 Nf6 41. gxf5 exf5 42. Na1 Qf3 43. Rxc4 Bf2+ 44. Kh2 Qg3+ 0-1

[Event "Bialystok Zamenhof Memorial"]
[Site "Bialystok"]
[Date "2008.12.28"]
[Round "3"]
[White "Roszkowski, Rafal"]
[Black "Kostyra, Stanislaw"]
[Result "1/2-1/2"]
[WhiteElo "2238"]
[BlackElo "2284"]
[PlyCount "104"]
[EventDate "2008.12.27"]
[EventType "swiss"]
[EventRounds "9"]
[EventCountry "POL"]
[SourceTitle "EXT 2010"]
[Source "ChessBase"]
[SourceDate "2010.11.25"]
[SourceVersion "1"]
[SourceVersionDate "2010.11.25"]
[SourceQuality "1"]

1. e4 c5 2. Nc3 a6 3. Nf3 b5 4. d4 cxd4 5. Nxd4 Bb7 6. Bd3 Nc6 7. Be3 e6 8. 0-0 Ne5 9. Qe2 Nf6 10. f3 Rc8 11. Bf2 Bc5 12. Rad1 Qb6 13. Nb3 Bxf2+ 14. Qxf2 Qxf2+ 15. Rxf2 Ke7 16. a4 b4 17. Na2 d5 18. Nxb4 dxe4 19. fxe4 Nc4 20. Bxc4 Rxc4 21. c3 Nxe4 22. Re2 f5 23. Na5 Rc7 24. Rd4 e5 25. Rd1 Re8 26. g3 g6 27. Nxb7 Rxb7 28. Rd5 Kf6 29. Ra5 Re6 30. Re1 Rd6 31. Re2 h5 32. Kg2 g5 33. Nd5+ Ke6 34. Nb4 Rbb6 35. Kf3 Nd2+ 36. Kf2 e4 37. Rc5 Nf3 38. h3 Ne5 39. Rc8 a5 40. Nc2 Rxb2 41. Nd4+ Kd5 42. Rxb2 Nd3+ 43. Ke3 f4+ 44. gxf4 gxf4+ 45. Ke2 Nxb2 46. Rh8 Nxa4 47. Rxh5+ Kc4 48. Nb5 Rg6 49. Kf2 Nb2 50. Na3+ Kxc3 51. Re5 Nd3+ 52. Kf1 Rg3 1/2-1/2

[Event "Bialystok U20"]
[Site "Bialystok"]
[Date "2008.01.23"]
[Round "5"]
[White "Chilkiewicz, Marek"]
[Black "Roszkowski, Rafal"]
[Result "0-1"]
[WhiteElo "1822"]
[BlackElo "2225"]
[PlyCount "114"]
[EventDate "2008.01.21"]
[EventType "swiss"]
[EventRounds "9"]
[EventCountry "POL"]
[SourceTitle "EXT 2010"]
[Source "ChessBase"]
[SourceDate "2010.11.25"]
[SourceVersion "1"]
[SourceVersionDate "2010.11.25"]
[SourceQuality "1"]

1. f4 f5 2. Nf3 g6 3. d3 Bg7 4. e4 d6 5. e5 c5 6. d4 cxd4 7. Qxd4 Bd7 8. Qd5 Bc6 9. Bb5 dxe5 10. Bxc6+ Nxc6 11. Qb3 Qb6 12. Qxb6 axb6 13. fxe5 Nxe5 14. Nbd2 Nc6 15. Nc4 Nb4 16. Kd1 b5 17. Na3 Nf6 18. Nxb5 0-0-0+ 19. Bd2 Ne4 20. Ke2 Nxd2 21. Nxd2 Rd5 22. a4 Rhd8 23. Nc4 Kb8 24. c3 Nd3 25. g3 Nxb2 26. Nxb2 Rd2+ 27. Kf3 Rxb2 28. Rhd1 Rbd2 29. Nd4 Rxd1 30. Rxd1 Rd6 31. Re1 e5 32. Nb5 Rd2 33. h3 e4+ 34. Kf4 Rd5 35. g4 Bh6+ 36. g5 Bg7 37. Nd4 Bxd4 38. cxd4 Rxd4 39. h4 Rxa4 40. h5 e3+ 41. Kf3 Rg4 42. hxg6 hxg6 43. Rxe3 Rxg5 44. Re6 Rg4 45. Rf6 Ka7 46. Rf7 Ka6 47. Rf6+ Ka5 48. Rf7 b5 49. Ra7+ Kb4 50. Ke3 g5 51. Rf7 Rg3+ 52. Kd4 f4 53. Rf5 f3 54. Ke3 g4 55. Rf4+ Kc3 56. Kf2 Rg2+ 57. Ke3 Re2# 0-1

[Event "Bialystok Zamenhof Memorial-A"]
[Site "Bialystok"]
[Date "2007.12.27"]
[Round "2.2"]
[White "Roszkowski, Rafal"]
[Black "Aliavdin, Nikolai"]
[Result "0-1"]
[WhiteElo "2159"]
[BlackElo "2400"]
[PlyCount "90"]
[EventDate "2007.12.27"]
[EventType "swiss"]
[EventRounds "9"]
[EventCountry "POL"]
[SourceTitle "EXT 2023"]
[Source "ChessBase"]
[SourceDate "2022.10.05"]
[SourceVersion "1"]
[SourceVersionDate "2022.10.05"]
[SourceQuality "1"]

1. e4 c5 2. Nc3 d6 3. Nge2 Nf6 4. d4 cxd4 5. Nxd4 Bd7 6. g3 e5 7. Nde2 Bc6 8. Bg2 b5 9. 0-0 Be7 10. a4 b4 11. Nd5 Bxd5 12. exd5 Nbd7 13. a5 Nc5 14. Be3 Nfd7 15. f4 Rc8 16. c3 bxc3 17. Nxc3 exf4 18. Bxf4 Rb8 19. Qe2 Ne5 20. Bxe5 dxe5 21. Qxe5 0-0 22. Ra2 Bf6 23. Qf4 Re8 24. Ne4 Nxe4 25. Bxe4 Re5 26. Bf3 Qe7 27. Qd2 Bg5 28. Qc2 g6 29. Ra4 Re3 30. Rc4 Bf6 31. Rc8+ Rxc8 32. Qxc8+ Kg7 33. Kg2 Rb3 34. Rf2 Qe3 35. Qg4 Bd4 36. Re2 Qg1+ 37. Kh3 Qf1+ 38. Bg2 Qf6 39. Rd2 Bxb2 40. d6 h5 41. Qc8 g5 42. Bd5 Qf1+ 43. Bg2 g4+ 44. Kh4 Qf6+ 45. Kxh5 Qg6+ 0-1

[Event "Bialystok Autumn op-A"]
[Site "Bialystok"]
[Date "2007.11.11"]
[Round "4.1"]
[White "Zoch, Tomasz"]
[Black "Roszkowski, Rafal"]
[Result "0-1"]
[WhiteElo "1915"]
[BlackElo "2159"]
[PlyCount "74"]
[EventDate "2007.11.10"]
[EventType "swiss"]
[EventRounds "9"]
[EventCountry "POL"]
[SourceTitle "EXT 2023"]
[Source "ChessBase"]
[SourceDate "2022.10.05"]
[SourceVersion "1"]
[SourceVersionDate "2022.10.05"]
[SourceQuality "1"]

1. e4 c5 2. Nf3 Nc6 3. d4 cxd4 4. Nxd4 e5 5. Nb5 d6 6. c4 Be7 7. N1c3 a6 8. Na3 f5 9. Bd3 f4 10. g3 fxg3 11. hxg3 Nf6 12. Nd5 Be6 13. Be3 Rc8 14. Bb6 Qd7 15. Nc2 0-0 16. Qd2 Bg4 17. Qe3 h6 18. Nxe7+ Nxe7 19. f3 Be6 20. b3 d5 21. g4 dxc4 22. Bxc4 Bxc4 23. bxc4 Rxc4 24. Qb3 Qe6 25. Bc5 Rc8 26. Bxe7 Qxe7 27. Ke2 Kh8 28. Ne3 Rc3 29. Qb2 Qc5 30. Qd2 Qb5+ 31. Kf2 Rd3 32. Qe1 Rcc3 33. Nf5 Rxf3+ 34. Kg2 Qb2+ 35. Kg1 Qb6+ 36. Kg2 Nxg4 37. Rf1 Qb2+ 0-1

[Event "POL-ch PL+LU U17"]
[Site "Augustow"]
[Date "2007.10.09"]
[Round "3.2"]
[White "Roszkowski, Rafal"]
[Black "Chilkiewicz, Marek"]
[Result "1-0"]
[WhiteElo "2159"]
[BlackElo "1850"]
[PlyCount "31"]
[EventDate "2007.10.08"]
[EventType "tourn"]
[EventRounds "8"]
[EventCountry "POL"]
[SourceTitle "EXT 2023"]
[Source "ChessBase"]
[SourceDate "2022.10.05"]
[SourceVersion "1"]
[SourceVersionDate "2022.10.05"]
[SourceQuality "1"]

1. e4 d6 2. d4 Nf6 3. Nc3 g6 4. f4 Bg7 5. Nf3 0-0 6. Bd3 Nc6 7. 0-0 e5 8. fxe5 dxe5 9. d5 Ne7 10. Bg5 c6 11. dxc6 Qb6+ 12. Kh1 Nxc6 13. Qd2 Be6 14. Be3 Qb4 15. Ng5 Bc4 16. a3 1-0

[Event "POL-ch PL+LU U17"]
[Site "Augustow"]
[Date "2007.10.09"]
[Round "8.4"]
[White "Roszkowski, Rafal"]
[Black "Ryszkiewicz, Adam"]
[Result "1-0"]
[WhiteElo "2159"]
[BlackElo "1844"]
[PlyCount "95"]
[EventDate "2007.10.08"]
[EventType "tourn"]
[EventRounds "8"]
[EventCountry "POL"]
[SourceTitle "EXT 2023"]
[Source "ChessBase"]
[SourceDate "2022.10.05"]
[SourceVersion "1"]
[SourceVersionDate "2022.10.05"]
[SourceQuality "1"]

1. d4 Nf6 2. Nc3 d5 3. Bg5 e6 4. e4 dxe4 5. Nxe4 Nbd7 6. Nf3 Be7 7. Nc3 0-0 8. Qd2 b6 9. 0-0-0 Bb7 10. Bc4 a6 11. d5 exd5 12. Nxd5 Nxd5 13. Bxd5 Bxg5 14. Nxg5 Bxd5 15. Qxd5 Nf6 16. Qc4 Qc8 17. Rhe1 Qf5 18. Nf3 Rad8 19. Rxd8 Rxd8 20. Qxc7 Rc8 21. Rd1 Ne8 22. Rd8 Rxd8 23. Qxd8 Qb5 24. b3 Kf8 25. c4 Qc5 26. Qd4 Qa3+ 27. Kb1 Qb4 28. Kb2 f6 29. a3 Qd6 30. Qe4 g6 31. g3 Qd1 32. Qe3 Nd6 33. Nd4 f5 34. Nc2 Nc8 35. Qc3 Qd6 36. b4 Ne7 37. Qd4 Qc6 38. Qh8+ Ng8 39. Qe5 Qf3 40. Qe3 Qb7 41. Nd4 Ne7 42. Qe6 Qh1 43. Qxb6 Ke8 44. Nc2 Qa8 45. h4 Qf3 46. Qe3 Qc6 47. Kb3 Kf7 48. a4 1-0

[Event "POL-ch PL+LU U17"]
[Site "Augustow"]
[Date "2007.10.09"]
[Round "1.3"]
[White "Roszkowski, Rafal"]
[Black "Walczak, Rafal"]
[Result "1-0"]
[WhiteElo "2159"]
[BlackElo "1869"]
[PlyCount "41"]
[EventDate "2007.10.08"]
[EventType "tourn"]
[EventRounds "8"]
[EventCountry "POL"]
[SourceTitle "EXT 2023"]
[Source "ChessBase"]
[SourceDate "2022.10.05"]
[SourceVersion "1"]
[SourceVersionDate "2022.10.05"]
[SourceQuality "1"]

1. e4 Nf6 2. e5 Nd5 3. d4 d6 4. Bc4 e6 5. Qg4 Nc6 6. Nf3 h6 7. 0-0 Bd7 8. exd6 Nf6 9. dxc7 Qxc7 10. Qg3 Qb6 11. c3 Nh5 12. Qh4 g6 13. Qe4 0-0-0 14. b4 Re8 15. Be3 f5 16. Qd3 Qc7 17. Na3 g5 18. d5 Nd8 19. Nb5 Bxb5 20. Bxb5 Bg7 21. d6 1-0

[Event "Augustow op"]
[Site "Augustow"]
[Date "2007.08.29"]
[Round "8.2"]
[White "Roszkowski, Rafal"]
[Black "Walczak, Rafal"]
[Result "1-0"]
[WhiteElo "2114"]
[BlackElo "1869"]
[PlyCount "117"]
[EventDate "2007.08.24"]
[EventType "swiss"]
[EventRounds "9"]
[EventCountry "POL"]
[SourceTitle "EXT 2023"]
[Source "ChessBase"]
[SourceDate "2022.10.05"]
[SourceVersion "1"]
[SourceVersionDate "2022.10.05"]
[SourceQuality "1"]

1. e4 e5 2. d4 exd4 3. Qxd4 Nc6 4. Qe3 Bb4+ 5. Nc3 Bxc3+ 6. Qxc3 Qf6 7. Bd2 d6 8. Nf3 Qxc3 9. Bxc3 f6 10. Bc4 Bd7 11. 0-0-0 0-0-0 12. Nd4 Re8 13. Rhe1 Nxd4 14. Bxd4 Bc6 15. f3 Ne7 16. Bb3 Ng6 17. Re3 a6 18. g3 Re7 19. Rde1 Rhe8 20. Kd2 Ne5 21. c4 a5 22. Kc3 b6 23. Bc2 Nf7 24. Kd2 Kb8 25. b3 Kc8 26. f4 Kb8 27. Kd3 Kc8 28. Bd1 Rd8 29. Bf3 Kb8 30. h4 Kc8 31. Bg4+ Bd7 32. Bf3 Bc6 33. a3 Kb7 34. Kc3 Rde8 35. b4 axb4+ 36. axb4 Kb8 37. Kd3 Kc8 38. Bg4+ Kb8 39. Bf5 Rh8 40. R3e2 Bd7 41. Bxd7 Rxd7 42. Ra1 Rdd8 43. Rea2 Kc8 44. Ra8+ Kd7 45. R8a7 Rb8 46. R1a6 b5 47. cxb5 Rxb5 48. Bb6 Rc8 49. Kc4 Rh5 50. Rxc7+ Rxc7+ 51. Bxc7 g5 52. hxg5 fxg5 53. Ra7 Ke8 54. b5 gxf4 55. gxf4 Rh4 56. b6 Rxf4 57. b7 Ne5+ 58. Kd4 Nd7 59. Bxd6 1-0

[Event "Augustow op"]
[Site "Augustow"]
[Date "2007.08.27"]
[Round "7.2"]
[White "Sowul, Bartosz"]
[Black "Roszkowski, Rafal"]
[Result "1/2-1/2"]
[WhiteElo "1957"]
[BlackElo "2114"]
[PlyCount "47"]
[EventDate "2007.08.24"]
[EventType "swiss"]
[EventRounds "9"]
[EventCountry "POL"]
[SourceTitle "EXT 2023"]
[Source "ChessBase"]
[SourceDate "2022.10.05"]
[SourceVersion "1"]
[SourceVersionDate "2022.10.05"]
[SourceQuality "1"]

1. e4 c5 2. Nf3 Nc6 3. d4 cxd4 4. Nxd4 e5 5. Nb5 d6 6. N1c3 a6 7. Na3 Be6 8. Nc4 b5 9. Ne3 Nf6 10. g3 g6 11. Bg2 Bg7 12. 0-0 0-0 13. Ncd5 Nd7 14. a4 bxa4 15. Nc4 Nc5 16. c3 Ne7 17. Be3 Rc8 18. Nxd6 Nxd5 19. exd5 Qxd6 20. dxe6 Qxe6 21. Bd5 Qd7 22. Bxc5 Rxc5 23. c4 a5 24. Qxa4 1/2-1/2

[Event "Augustow op"]
[Site "Augustow"]
[Date "2007.08.26"]
[Round "4.1"]
[White "Roszkowski, Rafal"]
[Black "Shkapenko, Pavel"]
[Result "1/2-1/2"]
[WhiteElo "2114"]
[BlackElo "2402"]
[PlyCount "21"]
[EventDate "2007.08.24"]
[EventType "swiss"]
[EventRounds "9"]
[EventCountry "POL"]
[SourceTitle "EXT 2023"]
[Source "ChessBase"]
[SourceDate "2022.10.05"]
[SourceVersion "1"]
[SourceVersionDate "2022.10.05"]
[SourceQuality "1"]

1. e4 c5 2. Nc3 e6 3. Nge2 Nc6 4. g3 Nf6 5. Bg2 d5 6. exd5 exd5 7. d4 Bg4 8. h3 cxd4 9. hxg4 dxc3 10. Nxc3 d4 11. Qe2+ 1/2-1/2

[Event "Augustow op"]
[Site "Augustow"]
[Date "2007.08.26"]
[Round "5.2"]
[White "Sanetra, Piotr"]
[Black "Roszkowski, Rafal"]
[Result "1/2-1/2"]
[WhiteElo "2078"]
[BlackElo "2114"]
[PlyCount "45"]
[EventDate "2007.08.24"]
[EventType "swiss"]
[EventRounds "9"]
[EventCountry "POL"]
[SourceTitle "EXT 2023"]
[Source "ChessBase"]
[SourceDate "2022.10.05"]
[SourceVersion "1"]
[SourceVersionDate "2022.10.05"]
[SourceQuality "1"]

1. e4 c5 2. c3 e6 3. d4 d5 4. exd5 exd5 5. Be3 c4 6. b3 cxb3 7. axb3 Bd6 8. Bd3 Ne7 9. Nf3 Nbc6 10. 0-0 Bf5 11. Re1 0-0 12. Bg5 f6 13. Bh4 Qd7 14. Bg3 Bxd3 15. Qxd3 Nf5 16. Bxd6 Nxd6 17. Nbd2 a6 18. Nf1 Nb5 19. Ne3 Nc7 20. c4 Rad8 21. Rad1 Rfe8 22. Nc2 g6 23. Kf1 1/2-1/2

[Event "Kochan Memorial op-A 18th"]
[Site "Koszalin"]
[Date "2007.08.09"]
[Round "5"]
[White "Roszkowski, Rafal"]
[Black "Mickiewicz, Piotr"]
[Result "0-1"]
[WhiteElo "2114"]
[BlackElo "2271"]
[PlyCount "80"]
[EventDate "2007.08.05"]
[EventType "swiss"]
[EventRounds "9"]
[EventCountry "POL"]
[SourceTitle "CBM 119 Extra"]
[Source "ChessBase"]
[SourceDate "2007.09.04"]
[SourceVersion "1"]
[SourceVersionDate "2007.09.04"]
[SourceQuality "1"]

1. e4 c6 2. c4 d6 3. d4 Nf6 4. Nc3 Nbd7 5. Nf3 e5 6. Be2 g6 7. 0-0 Bg7 8. b3 0-0 9. Bb2 exd4 10. Nxd4 Nc5 11. Bf3 Re8 12. Re1 Qb6 13. Qd2 a5 14. Rab1 Nfd7 15. Bd1 Ne5 16. Bc2 a4 17. Nce2 axb3 18. axb3 Ra2 19. Qc3 Ng4 20. Qf3 Ne6 21. Nxe6 Bxb2 22. Qxg4 Bxe6 23. Qf3 Be5 24. Rec1 Qb4 25. Qe3 d5 26. Bd3 dxe4 27. Qxe4 Bf5 28. Qf3 Bxd3 29. Qxd3 Rxe2 30. Qxe2 Bxh2+ 31. Kf1 Rxe2 32. Kxe2 Be5 33. Rd1 Kg7 34. Rd3 h5 35. Rbd1 b5 36. cxb5 cxb5 37. Rf3 Qe4+ 38. Re3 Qg4+ 39. Ke1 Bb2 40. g3 b4 0-1

[Event "Kochan Memorial op-A 18th"]
[Site "Koszalin"]
[Date "2007.08.08"]
[Round "4"]
[White "Wieczorek, Oskar"]
[Black "Roszkowski, Rafal"]
[Result "1-0"]
[WhiteElo "2129"]
[BlackElo "2114"]
[PlyCount "65"]
[EventDate "2007.08.05"]
[EventType "swiss"]
[EventRounds "9"]
[EventCountry "POL"]
[SourceTitle "CBM 119 Extra"]
[Source "ChessBase"]
[SourceDate "2007.09.04"]
[SourceVersion "1"]
[SourceVersionDate "2007.09.04"]
[SourceQuality "1"]

1. e4 c5 2. Nf3 Nc6 3. d4 cxd4 4. Nxd4 e5 5. Nb5 d6 6. N1c3 a6 7. Na3 Nf6 8. Bg5 Be6 9. Nc4 Rc8 10. Ne3 Qb6 11. Bxf6 Qxb2 12. Ncd5 Bxd5 13. Nxd5 Nb4 14. Bd3 Nxd5 15. exd5 Qc3+ 16. Kf1 gxf6 17. Rb1 Rc7 18. g3 h5 19. Qf3 Ke7 20. h4 b5 21. Kg2 Bg7 22. Rb3 Qc5 23. Rhb1 Ra8 24. Rb4 Raa7 25. Be4 Qc3 26. Qxh5 Rc4 27. Rxc4 Qxc4 28. Qh7 Bf8 29. h5 Qe2 30. Bg6 Ke8 31. h6 Bxh6 32. Qxh6 fxg6 33. Qh8+ 1-0